Normal view
MARC view
Entry Personal Name
001 - CONTROL NUMBER
- control field: 1238292
003 - CONTROL NUMBER IDENTIFIER
- control field: OSt
005 - DATE AND TIME OF LATEST TRANSACTION
- control field: 20260430150723.0
008 - FIXED-LENGTH DATA ELEMENTS
- fixed length control field: 260430|| aca||aabn | a|a d
040 ## - CATALOGING SOURCE
- Original cataloging agency: OSt
- Transcribing agency: OSt
100 ## - HEADING--PERSONAL NAME
- Personal name: Maharaj Rudra Shakti Jee Au.; Rehmani Najma Gu
670 ## - SOURCE DATA FOUND
- Source citation: Work cat.: (OSt)1850462: Maharaj Rudra Shakti Jee Au.; Rehmani Najma Gu., Kashmiri Lal Zakir ke mutakhib novelon ka tanqeedi mutala, 2024
